[Event "ITA-ch U16"]
[Site "Courmayeur"]
[Date "2009.06.29"]
[Round "1"]
[White "Testa, Adriano"]
[Black "Gastaldello, Lorenzo"]
[Result "1-0"]
[WhiteElo "2132"]
[BlackElo "1539"]
[PlyCount "97"]
[EventDate "2009.06.29"]
[EventType "swiss"]
[EventRounds "9"]
[EventCountry "ITA"]
[SourceTitle "EXT 2012"]
[Source "ChessBase"]
[SourceDate "2011.11.24"]
[SourceVersion "1"]
[SourceVersionDate "2011.11.24"]
[SourceQuality "1"]

1. e4 c6 2. Nf3 d5 3. Nc3 Bg4 4. h3 Bh5 5. exd5 cxd5 6. Bb5+ Nc6 7. g4 Bg6 8. Ne5 Qc7 9. d4 e6 10. Qe2 0-0-0 11. Bxc6 bxc6 12. Qa6+ Qb7 13. Qxc6+ Qxc6 14. Nxc6 Rd7 15. Ne5 Rc7 16. Bf4 Rb7 17. Nxg6 hxg6 18. Nd1 Nf6 19. f3 Kd7 20. Kd2 Bd6 21. Bxd6 Kxd6 22. b3 Nh7 23. Nf2 Rc8 24. Rac1 Ng5 25. h4 Nxf3+ 26. Ke3 Rc3+ 27. Nd3 e5 28. Kxf3 e4+ 29. Ke3 Rbc7 30. Kd2 exd3 31. cxd3 Rxc1 32. Rxc1 Rxc1 33. Kxc1 Kc6 34. Kd2 Kb5 35. a3 Kc6 36. Ke3 Kd6 37. Kf4 f6 38. b4 a5 39. bxa5 Kc6 40. h5 gxh5 41. gxh5 Kb5 42. Kf5 Kxa5 43. Kg6 Ka4 44. Kxg7 f5 45. h6 Kb3 46. h7 Kc3 47. h8Q Kxd3 48. Kg6 f4 49. Qh3+ 1-0

[Event "Rome Elo op 3rd"]
[Site "Rome"]
[Date "2009.04.01"]
[Round "4"]
[White "Testa, Adriano"]
[Black "Napoli, Nicolo"]
[Result "0-1"]
[WhiteElo "2124"]
[BlackElo "2313"]
[PlyCount "70"]
[EventDate "2009.03.11"]
[EventType "swiss"]
[EventRounds "6"]
[EventCountry "ITA"]
[SourceTitle "EXT 2011"]
[Source "ChessBase"]
[SourceDate "2010.11.26"]
[SourceVersion "1"]
[SourceVersionDate "2010.11.26"]
[SourceQuality "1"]

1. e4 c6 2. d4 d5 3. Nc3 dxe4 4. Nxe4 Nf6 5. Nxf6+ gxf6 6. Bf4 Qb6 7. b3 e5 8. dxe5 fxe5 9. Be3 Bb4+ 10. Bd2 Bf5 11. c3 Be7 12. Bc4 Nd7 13. Be3 Qa5 14. b4 Bxb4 15. Bxf7+ Kxf7 16. Qb3+ Be6 17. Qxb4 Qxb4 18. cxb4 a5 19. bxa5 Rxa5 20. a3 Rg8 21. Nf3 Rxg2 22. Ng5+ Ke7 23. Nxh7 Bd5 24. Rf1 Rxh2 25. Ng5 Nf6 26. Bd2 Rb5 27. Bb4+ c5 28. Bc3 Rg2 29. f4 Ng4 30. Bd2 Rb2 31. 0-0-0 Ra2 32. Bc3 Rac2+ 33. Kb1 Ba2+ 34. Ka1 Rxc3 35. Rg1 Rcc2 0-1

[Event "Rome Accademia op 10"]
[Site "Rome"]
[Date "2008.10.18"]
[Round "2"]
[White "Testa, Adriano"]
[Black "Puliatti, Carlo"]
[Result "1-0"]
[WhiteElo "2084"]
[BlackElo "2111"]
[PlyCount "111"]
[EventDate "2008.10.17"]
[EventType "swiss"]
[EventRounds "5"]
[EventCountry "ITA"]
[SourceTitle "EXT 2011"]
[Source "ChessBase"]
[SourceDate "2010.11.26"]
[SourceVersion "1"]
[SourceVersionDate "2010.11.26"]
[SourceQuality "1"]

1. e4 e5 2. Nf3 Nc6 3. Bc4 Nf6 4. d3 Be7 5. c3 d6 6. h3 0-0 7. Bb3 Na5 8. Bc2 c5 9. Nbd2 Re8 10. 0-0 Nc6 11. Re1 Bf8 12. Nf1 h6 13. Ng3 d5 14. Nh2 dxe4 15. dxe4 Qxd1 16. Rxd1 Be6 17. Be3 b5 18. Bb3 c4 19. Bc2 Nd7 20. f3 Red8 21. Kf2 Bc5 22. Nhf1 Bxe3+ 23. Kxe3 Nc5 24. Nh1 Kf8 25. Nf2 Ke7 26. Ke2 Rxd1 27. Rxd1 Rd8 28. Rxd8 Kxd8 29. Ne3 Ne7 30. Kd2 Kc7 31. g3 Kd6 32. f4 f6 33. f5 Bd7 34. Nf1 g6 35. fxg6 Nxg6 36. Ne3 h5 37. h4 Ne7 38. Bd1 Be8 39. g4 hxg4 40. Bxg4 Bg6 41. Nf5+ Nxf5 42. exf5 Bh7 43. Ke3 Na4 44. Ne4+ Ke7 45. b3 Nb6 46. b4 Nd5+ 47. Kd2 Bg8 48. h5 Nf4 49. h6 Bh7 50. Ke3 Ng2+ 51. Kd2 Nh4 52. Ng3 Ng2 53. Bf3 Nh4 54. Be4 Kd6 55. Ke3 Bg8 56. Kf2 1-0

[Event "ITA-ch U14"]
[Site "Merano"]
[Date "2008.07.09"]
[Round "5"]
[White "Testa, Adriano"]
[Black "Marguerettaz, Davy"]
[Result "0-1"]
[WhiteElo "2080"]
[BlackElo "1987"]
[PlyCount "112"]
[EventDate "2008.07.06"]
[EventType "swiss"]
[EventRounds "9"]
[EventCountry "ITA"]
[SourceTitle "EXT 2011"]
[Source "ChessBase"]
[SourceDate "2010.11.26"]
[SourceVersion "1"]
[SourceVersionDate "2010.11.26"]
[SourceQuality "1"]

1. e4 Nf6 2. d3 e5 3. Nf3 Nc6 4. c3 d5 5. Nbd2 Bc5 6. Be2 Be6 7. 0-0 a5 8. b3 d4 9. cxd4 Nxd4 10. Bb2 Nd7 11. Rc1 b6 12. Nxd4 Bxd4 13. Bxd4 exd4 14. f4 Nc5 15. Qe1 Bc8 16. Qg3 0-0 17. Nf3 Ba6 18. Rfd1 f5 19. e5 Ne6 20. Rc6 Qd7 21. Rc2 c5 22. Ne1 Bb7 23. Bf3 a4 24. Rb2 axb3 25. axb3 b5 26. Rc1 Bd5 27. h3 Rfc8 28. Kh2 Ra3 29. Rcb1 Rca8 30. Nc2 R3a7 31. Be2 Nc7 32. Qf2 b4 33. g4 Nb5 34. Bf3 Nc3 35. Re1 Ra2 36. e6 Bxe6 37. Nxd4 Rxb2 38. Qxb2 Ra2 39. Qxa2 Nxa2 40. Nxe6 Qxd3 41. Ng5 Kf8 42. Nxh7+ Kf7 43. Ng5+ Kf8 44. Ne6+ Kg8 45. Ng5 Qd2+ 46. Re2 Qxf4+ 47. Kg2 Qxg5 48. Rxa2 f4 49. Ra8+ Kf7 50. Ra2 Kf6 51. Rd2 Qe5 52. Bd5 Qe3 53. Rf2 Qg3+ 54. Kf1 Qd3+ 55. Ke1 Qxd5 56. Rxf4+ Ke7 0-1

[Event "Bratto op-A 27th"]
[Site "Bratto"]
[Date "2007.08.30"]
[Round "8"]
[White "Testa, Adriano"]
[Black "Barlocco, Carlo"]
[Result "0-1"]
[WhiteElo "1927"]
[BlackElo "2116"]
[PlyCount "178"]
[EventDate "2007.08.23"]
[EventType "swiss"]
[EventRounds "9"]
[EventCountry "ITA"]
[SourceTitle "CBM 120 Extra"]
[Source "ChessBase"]
[SourceDate "2007.11.01"]
[SourceVersion "1"]
[SourceVersionDate "2007.11.01"]
[SourceQuality "1"]

1. e4 c5 2. Nf3 d6 3. d4 Nf6 4. dxc5 Qa5+ 5. c3 Qxc5 6. Bd3 g6 7. 0-0 Bg7 8. Be3 Qc7 9. h3 0-0 10. Na3 a6 11. Re1 Nbd7 12. Nc2 Nc5 13. Bxc5 Qxc5 14. Ne3 b5 15. Nf1 Nh5 16. Bc2 Bb7 17. Bb3 Rfc8 18. Qd2 Rc7 19. Rad1 a5 20. a3 Bc6 21. Nd4 Be8 22. Ne3 Rb8 23. Nd5 Ra7 24. Kh1 e6 25. Ne3 b4 26. axb4 axb4 27. c4 Nf6 28. Qd3 Qb6 29. Re2 Nd7 30. Red2 Nc5 31. Qc2 Bxd4 32. Rxd4 Nxb3 33. Rxd6 Qc7 34. Qxb3 Ba4 35. Qd3 Bxd1 36. Qxd1 Ra2 37. Ng4 Ra1 38. Nf6+ Kg7 39. Qxa1 Qxd6 40. b3 e5 41. Nd5 Rf8 42. c5 Qxc5 43. Qxe5+ f6 44. Qf4 Qd4 45. Qc7+ Rf7 46. Qc2 f5 47. f3 fxe4 48. Qxe4 Qxe4 49. fxe4 Rf1+ 50. Kh2 Rb1 51. Nxb4 Rxb3 52. Nc2 Kf6 53. Nd4 Re3 54. Nf3 Rxe4 55. Kg3 Ra4 56. Kf2 Kf5 57. Kg3 Ra3 58. Kh2 Kf4 59. Nd4 Re3 60. Nc6 Re4 61. Na5 Rb4 62. Nc6 Ra4 63. Nd8 Kf5 64. Nf7 h5 65. Nd6+ Ke5 66. Nf7+ Kf4 67. Nd6 Rb4 68. Nc8 Re4 69. Nd6 Re2 70. Nb5 Ke5 71. Nc3 Re1 72. Na2 Kd4 73. Nb4 Rc1 74. Na6 Rc4 75. Nb8 Kd5 76. Nd7 Rc6 77. Nf8 g5 78. Kg3 Rd6 79. Nh7 Rg6 80. h4 g4 81. Kf4 Kd4 82. Ng5 Rf6+ 83. Kg3 Ke5 84. Nh7 Ra6 85. Ng5 Ra3+ 86. Kh2 Re3 87. Nf7+ Kf4 88. Nh8 Re6 89. Nf7 g3+ 0-1

[Event "Bratto op-A 27th"]
[Site "Bratto"]
[Date "2007.08.28"]
[Round "6"]
[White "Testa, Adriano"]
[Black "De Santis, Alessio"]
[Result "0-1"]
[WhiteElo "1927"]
[BlackElo "2346"]
[PlyCount "42"]
[EventDate "2007.08.23"]
[EventType "swiss"]
[EventRounds "9"]
[EventCountry "ITA"]
[SourceTitle "CBM 120 Extra"]
[Source "ChessBase"]
[SourceDate "2007.11.01"]
[SourceVersion "1"]
[SourceVersionDate "2007.11.01"]
[SourceQuality "1"]

1. e4 c5 2. Nf3 e6 3. d3 Nc6 4. g3 a6 5. Bg2 Be7 6. 0-0 h5 7. h4 e5 8. c3 d6 9. d4 cxd4 10. cxd4 Bg4 11. d5 Nd4 12. Qd3 Bxf3 13. Bxf3 g5 14. hxg5 Bxg5 15. Bg2 Bxc1 16. Rxc1 h4 17. gxh4 Nf6 18. Nd2 Nh5 19. Bf3 Nf4 20. Qc4 Qxh4 21. Qc7 Qh2+ 0-1